<?xml version="1.0" encoding="UTF-8"?>
<record
    xmlns:xsi="http://www.w3.org/2001/XMLSchema-instance"
    xsi:schemaLocation="http://www.loc.gov/MARC21/slim http://www.loc.gov/standards/marcxml/schema/MARC21slim.xsd"
    xmlns="http://www.loc.gov/MARC21/slim">

  <leader>00855nam a2200205Ia 4500</leader>
  <controlfield tag="008">110201s9999    xx            000 0 und d</controlfield>
  <datafield tag="082" ind1=" " ind2=" ">
    <subfield code="b">B9140</subfield>
    <subfield code="a">S 1714</subfield>
  </datafield>
  <datafield tag="100" ind1=" " ind2=" ">
    <subfield code="a">&#x917;&#x94B;&#x921;&#x92C;&#x94B;&#x932;&#x947; &#x930;&#x92E;&#x947;&#x936;</subfield>
  </datafield>
  <datafield tag="100" ind1=" " ind2=" ">
    <subfield code="a">&#x92A;&#x91F;&#x935;&#x930;&#x94D;&#x927;&#x928; &#x92E;&#x947;&#x927;&#x93E;</subfield>
  </datafield>
  <datafield tag="245" ind1=" " ind2=" ">
    <subfield code="a">&#x921;&#x93E;&#x92F;&#x92C;&#x947;&#x91F;&#x93F;&#x915; &#x92A;&#x947;&#x936;&#x902;&#x91F;&#x91A;&#x940; &#x935;&#x930;&#x94D;&#x937;&#x92D;&#x930; &#x926;&#x93F;&#x935;&#x93E;&#x933;&#x940;</subfield>
  </datafield>
  <datafield tag="260" ind1=" " ind2=" ">
    <subfield code="b">&#x907;&#x902;&#x926;&#x94D;&#x930;&#x93E;&#x92F;&#x923;&#x940; &#x938;&#x93E;&#x939;&#x93F;&#x924;&#x94D;&#x92F;</subfield>
  </datafield>
  <datafield tag="365" ind1=" " ind2=" ">
    <subfield code="b">80</subfield>
  </datafield>
  <datafield tag="600" ind1=" " ind2=" ">
    <subfield code="a">&#x917;&#x94B;&#x921;&#x92C;&#x94B;&#x932;&#x947; &#x930;&#x92E;&#x947;&#x936;</subfield>
  </datafield>
  <datafield tag="600" ind1=" " ind2=" ">
    <subfield code="a">&#x92A;&#x91F;&#x935;&#x930;&#x94D;&#x927;&#x928; &#x92E;&#x947;&#x927;&#x93E;</subfield>
  </datafield>
  <datafield tag="630" ind1=" " ind2=" ">
    <subfield code="a">&#x921;&#x93E;&#x92F;&#x92C;&#x947;&#x91F;&#x93F;&#x915; &#x92A;&#x947;&#x936;&#x902;&#x91F;&#x91A;&#x940; &#x935;&#x930;&#x94D;&#x937;&#x92D;&#x930; &#x926;&#x93F;&#x935;&#x93E;&#x933;&#x940;</subfield>
  </datafield>
  <datafield tag="700" ind1=" " ind2=" ">
    <subfield code="a">&#x917;&#x94B;&#x921;&#x92C;&#x94B;&#x932;&#x947; &#x930;&#x92E;&#x947;&#x936;</subfield>
  </datafield>
  <datafield tag="700" ind1=" " ind2=" ">
    <subfield code="a">&#x92A;&#x91F;&#x935;&#x930;&#x94D;&#x927;&#x928; &#x92E;&#x947;&#x927;&#x93E;</subfield>
  </datafield>
  <datafield tag="730" ind1=" " ind2=" ">
    <subfield code="a">&#x921;&#x93E;&#x92F;&#x92C;&#x947;&#x91F;&#x93F;&#x915; &#x92A;&#x947;&#x936;&#x902;&#x91F;&#x91A;&#x940; &#x935;&#x930;&#x94D;&#x937;&#x92D;&#x930; &#x926;&#x93F;&#x935;&#x93E;&#x933;&#x940;</subfield>
  </datafield>
  <datafield tag="942" ind1=" " ind2=" ">
    <subfield code="c">BOOK</subfield>
  </datafield>
  <datafield tag="999" ind1=" " ind2=" ">
    <subfield code="c">834595</subfield>
    <subfield code="d">834592</subfield>
  </datafield>
  <datafield tag="952" ind1=" " ind2=" ">
    <subfield code="0">0</subfield>
    <subfield code="1">0</subfield>
    <subfield code="4">0</subfield>
    <subfield code="7">0</subfield>
    <subfield code="a">PMKV</subfield>
    <subfield code="b">PMKV</subfield>
    <subfield code="d">2011-02-01</subfield>
    <subfield code="g">80.00</subfield>
    <subfield code="l">0</subfield>
    <subfield code="p">PMKV-B9140</subfield>
    <subfield code="r">2011-02-01 00:00:00</subfield>
    <subfield code="v">80.00</subfield>
    <subfield code="w">2011-02-01</subfield>
    <subfield code="y">BOOK</subfield>
  </datafield>
</record>
